Oracle Application Server 10g administration handbook / (Record no. 546)
[ view plain ]
| 000 -LEADER | |
|---|---|
| fixed length control field | 00681nac a22001931u 4500 |
| 008 - FIXED-LENGTH DATA ELEMENTS--GENERAL INFORMATION | |
| fixed length control field | 100907s2004 ii |||||r|||| 00| 0 eng d |
| 020 ## - INTERNATIONAL STANDARD BOOK NUMBER | |
| International Standard Book Number | 0070587760 |
| 082 00 - DEWEY DECIMAL CLASSIFICATION NUMBER | |
| Classification number | 005.7585 |
| Item number | JOH |
| Edition number | 22 |
| 100 ## - MAIN ENTRY--PERSONAL NAME | |
| Personal name | Garmany, John |
| 9 (RLIN) | 18675 |
| 245 10 - TITLE STATEMENT | |
| Title | Oracle Application Server 10g administration handbook / |
| Statement of responsibility, etc | John Garmany, Donald K. Burleson. |
| 260 ## - PUBLICATION, DISTRIBUTION, ETC. (IMPRINT) | |
| Place of publication, distribution, etc | New Delhi : |
| Name of publisher, distributor, etc | McGraw-Hill/Osborne, |
| Date of publication, distribution, etc | 2004. |
| 300 ## - PHYSICAL DESCRIPTION | |
| Extent | xvii, 382 p. : |
| Other physical details | ill. ; |
| Dimensions | 24 cm. |
| 500 ## - GENERAL NOTE | |
| General note | Includes index. |
| 650 #0 - SUBJECT ADDED ENTRY--TOPICAL TERM | |
| Topical term or geographic name as entry element | Database management. |
| 9 (RLIN) | 18676 |
| 650 #0 - SUBJECT ADDED ENTRY--TOPICAL TERM | |
| Topical term or geographic name as entry element | Application software |
| General subdivision | Development. |
| 9 (RLIN) | 18677 |
| 650 #0 - SUBJECT ADDED ENTRY--TOPICAL TERM | |
| Topical term or geographic name as entry element | Web servers. |
| 9 (RLIN) | 18678 |
| 700 1# - ADDED ENTRY--PERSONAL NAME | |
| Personal name | Burleson, Donald K. |
| 9 (RLIN) | 18679 |
| 942 ## - ADDED ENTRY ELEMENTS (KOHA) | |
| Item type | Book - Borrowing |
| Call number prefix | 005.7585G2338 |
| Source of classification or shelving scheme | Dewey Decimal Classification |
| Withdrawn status | Item status | Source of classification or shelving scheme | Damaged status | Not for loan | Vendor | Home library | Current library | Shelving location | Date acquired | Source of acquisition | Cost, normal purchase price | Total Checkouts | Total Renewals | Full call number | Barcode | Date last seen | Date last borrowed | Cost, replacement price | Koha item type |
|---|---|---|---|---|---|---|---|---|---|---|---|---|---|---|---|---|---|---|---|
| Dewey Decimal Classification | Central Library | Central Library | Lower Floor | 17/07/2006 | 122.00 | 1 | 1 | 005.7585 GAR | 000004073 | 15/07/2025 | 05/11/2016 | 152.50 | Book - Borrowing |